000
00328nam a2200133Ia 4500
005
20251222143208.0
008
251222s9999||||xx |||||||||||||| ||spa||
020
_a
84-7838-350-6
082
_a
781/C25
100
_a
Candé, Rolando de
245
0
_a
Guía de Apreciación Musical
264
_b
Ediciones del Prado
942
_c
LIB
999
_c
13325
_d
13325